[Event "Preferente Aragonesa 2024 - Grupo II"]
[Site "?"]
[Date "2024.01.27"]
[Round "1.71"]
[White "Palasi Mainar, Miguel Angel"]
[Black "Cajo Esteban, Ruben"]
[Result "1-0"]
[WhiteElo "1814"]
[BlackElo "1815"]
[PlyCount "77"]
[GameId "2166508114813053"]
[EventDate "2024.01.27"]
[WhiteTeam "Agrupacion B"]
[BlackTeam "Dr. Azua"]

1. e4 e6 2. d3 d5 3. Nd2 c5 4. Ngf3 Nc6 5. g3 g6 6. Bg2 Bg7 7. O-O Nge7 8. Re1 O-O 9. c3 b6 10. Nb3 Bb7 11. e5 Qc7 12. Bf4 c4 13. Nbd4 a6 14. Nxc6 Nxc6 15. d4 b5 16. Qd2 Qb6 17. h4 b4 18. h5 a5 19. Bh6 Bc8 20. Nh2 f5 21. exf6 Rxf6 22. Bxg7 Kxg7 23. Ng4 Qd8 24. Qh6+ Kg8 25. Nxf6+ Qxf6 26. Bxd5 Bd7 27. Be4 Rf8 28. f4 Ne7 29. hxg6 hxg6 30. Re2 Rf7 31. Rh2 Rg7 32. Qh8+ Kf7 33. Qd8 Be8 34. Rh8 Ng8 35. Qxa5 g5 36. Rf1 gxf4 37. Rh7 Rxh7 38. Bxh7 Qg7 39. Qc7+ 1-0

[Event "Preferente Aragonesa 2024 - Grupo II"]
[Site "?"]
[Date "2024.01.27"]
[Round "1.72"]
[White "Abenia Porroche, Roberto"]
[Black "Guerra Perez, Rafael"]
[Result "1-0"]
[WhiteElo "1686"]
[BlackElo "1803"]
[PlyCount "69"]
[GameId "2166508114911358"]
[EventDate "2024.01.27"]
[WhiteTeam "Dr. Azua"]
[BlackTeam "Agrupacion B"]

1. Nf3 Nf6 2. d4 d5 3. g3 e6 4. Bg2 Bd6 5. O-O O-O 6. Nbd2 c5 7. c3 Nbd7 8. Qc2 Qc7 9. e4 Nxe4 10. Nxe4 dxe4 11. Qxe4 Rb8 12. dxc5 Nxc5 13. Qc2 h6 14. Be3 b6 15. Nd4 Bd7 16. a4 a6 17. Rfd1 Rfd8 18. Rd2 Be8 19. b4 Nb7 20. Rad1 Be7 21. b5 Na5 22. bxa6 Nc4 23. Rd3 Qa7 24. Bb7 Ne5 25. R3d2 Nc4 26. Re2 Nxe3 27. Rxe3 Bxa4 28. Qxa4 Rxb7 29. Nc6 Rxd1+ 30. Qxd1 Rd7 31. Rd3 Rxd3 32. Qxd3 Qc7 33. Nxe7+ Qxe7 34. Qe4 Qa3 35. Qb7 1-0

[Event "Campeonato de Aragon por Equipos 2024 -"]
[Site "?"]
[Date "2024.02.03"]
[Round "2.1"]
[White "Llanes Luno, Ricardo"]
[Black "Forcen Esteban, Daniel"]
[Result "0-1"]
[WhiteElo "2149"]
[BlackElo "2555"]
[PlyCount "70"]
[GameId "2166508114980991"]
[EventDate "2024.01.27"]
[WhiteTeam "Delicias"]
[BlackTeam "Jaime Casas"]

1. e4 e6 2. d4 c5 3. Nf3 cxd4 4. Nxd4 Nf6 5. Nc3 Nc6 6. Bg5 h6 7. Nxc6 bxc6 8. Be3 Bb4 9. Qf3 Bxc3+ 10. bxc3 Qa5 11. Bd2 Qe5 12. Bd3 d5 13. O-O dxe4 14. Qe2 O-O 15. Rfe1 Qd6 16. Bc4 e5 17. Rad1 Qc5 18. Be3 Qe7 19. Bb3 Bg4 20. f3 exf3 21. gxf3 Bh5 22. Qf2 e4 23. Bc5 Qc7 24. Bxf8 Rxf8 25. Rd4 Bxf3 26. Qg3 Qa5 27. Rc4 Nh5 28. Qh4 Qf5 29. Rexe4 Bxe4 30. Qxe4 Qg5+ 31. Kf2 c5 32. Ra4 Rd8 33. Qf3 Qd2+ 34. Kf1 Kh8 35. Rxa7 Qxh2 0-1

[Event "Campeonato de Aragon por Equipos 2024 -"]
[Site "?"]
[Date "2024.02.03"]
[Round "2.2"]
[White "Antoli Royo, Joaquin Miguel"]
[Black "Llanes Luno, Pedro Alfredo"]
[Result "1-0"]
[WhiteElo "2406"]
[BlackElo "2063"]
[PlyCount "57"]
[GameId "2166508115030144"]
[EventDate "2024.01.27"]
[WhiteTeam "Jaime Casas"]
[BlackTeam "Delicias"]

1. e4 c5 2. Nf3 d6 3. d4 cxd4 4. Qxd4 Nc6 5. Bb5 Bd7 6. Bxc6 Bxc6 7. Nc3 e5 8. Qd3 h6 9. Nd2 Nf6 10. Nc4 b5 11. Ne3 Qb6 12. O-O Qb7 13. a4 bxa4 14. Nc4 Nxe4 15. Na5 Nc5 16. Qc4 Qd7 17. Nxc6 Qxc6 18. b4 axb3 19. cxb3 Qb7 20. b4 Ne6 21. Nd5 Be7 22. Qe4 Rb8 23. Be3 f5 24. Qf3 Ng5 25. Qh5+ Nf7 26. Rfd1 Ra8 27. Qf3 e4 28. Qxf5 Qd7 29. Qxe4 1-0

[Event "Campeonato de Aragon por Equipos 2024 -"]
[Site "?"]
[Date "2024.02.03"]
[Round "2.3"]
[White "Gaspar Calvo, Luis Alberto"]
[Black "Ramiro Ovejero, Juan Luis"]
[Result "0-1"]
[WhiteElo "1839"]
[BlackElo "2317"]
[PlyCount "82"]
[GameId "2166508115075201"]
[EventDate "2024.01.27"]
[WhiteTeam "Delicias"]
[BlackTeam "Jaime Casas"]

1. d4 Nf6 2. Nf3 e6 3. Bg5 h6 4. Bh4 c5 5. e3 b6 6. Bd3 Bb7 7. Nbd2 Be7 8. c3 cxd4 9. exd4 d6 10. h3 Nh5 11. Bxe7 Qxe7 12. Bb5+ Nd7 13. Qa4 Nf4 14. g3 Nd5 15. Bxd7+ Qxd7 16. Qxd7+ Kxd7 17. O-O-O Rhc8 18. Rhe1 a5 19. Kb1 b5 20. Ng1 Nb6 21. Rc1 Bd5 22. f4 f5 23. Ne2 g5 24. b3 a4 25. Kb2 Rab8 26. b4 a3+ 27. Ka1 Rg8 28. Rg1 Nc4 29. Nxc4 Bxc4 30. Rg2 Rbc8 31. fxg5 hxg5 32. Ng1 Bd5 33. Re2 f4 34. g4 Rc4 35. Ree1 Rgc8 36. h4 gxh4 37. Nh3 Rxc3 38. Rxc3 Rxc3 39. Nxf4 Be4 40. Nxe6 h3 41. Ng5 Bd5 0-1

[Event "Campeonato de Aragon por Equipos 2024 -"]
[Site "?"]
[Date "2024.02.03"]
[Round "2.4"]
[White "Newrkla, Katharina"]
[Black "Martinez Blanco, Ruben"]
[Result "1-0"]
[WhiteElo "2209"]
[BlackElo "1618"]
[PlyCount "65"]
[GameId "2166508115112066"]
[EventDate "2024.01.27"]
[WhiteTeam "Jaime Casas"]
[BlackTeam "Delicias"]

1. e4 c5 2. Nf3 Nc6 3. d4 cxd4 4. Nxd4 g6 5. c4 Bg7 6. Be3 Nf6 7. Nc3 Ng4 8. Qxg4 Nxd4 9. Qd1 Ne6 10. Rc1 O-O 11. Be2 b6 12. O-O Bb7 13. f3 d6 14. Qd2 Nc5 15. Rfd1 Rc8 16. b4 Nd7 17. Nd5 Qe8 18. a4 f5 19. exf5 gxf5 20. Bg5 Nf6 21. Qa2 Kh8 22. a5 Nxd5 23. cxd5 Rxc1 24. Rxc1 Qd7 25. a6 Ba8 26. Qc4 h6 27. Be3 Rd8 28. Bd3 Kg8 29. g4 fxg4 30. fxg4 b5 31. Qe4 e5 32. Qh7+ Kf8 33. Rf1+ 1-0

[Event "Campeonato de Aragon por Equipos 2024 -"]
[Site "?"]
[Date "2024.02.03"]
[Round "2.5"]
[White "Fernandez Guillen, Ernesto J"]
[Black "Del Rey, Diego"]
[Result "1-0"]
[WhiteElo "2465"]
[BlackElo "2302"]
[PlyCount "73"]
[GameId "2166508115157123"]
[EventDate "2024.01.27"]
[WhiteTeam "Marcos Frechin A"]
[BlackTeam "El Olivar"]

1. e4 e5 2. Nf3 Nf6 3. Nxe5 d6 4. Nf3 Nxe4 5. d4 d5 6. Bd3 Nc6 7. O-O Be7 8. Re1 Bf5 9. a3 O-O 10. c4 Re8 11. h3 Bf8 12. Bf4 dxc4 13. Bxc4 Nd6 14. Rxe8 Qxe8 15. Ba2 Qe4 16. Bxd6 Bxd6 17. Bxf7+ Kh8 18. Nc3 Qf4 19. Qc1 Rf8 20. Qxf4 Bxf4 21. Re1 Bd7 22. Be6 Be8 23. Bd5 h6 24. g3 Bd6 25. Nb5 Bh5 26. Nxd6 cxd6 27. Kg2 Rc8 28. b4 a5 29. g4 Be8 30. b5 Na7 31. Bxb7 Rb8 32. b6 Nb5 33. Rxe8+ Rxe8 34. Bc6 Rb8 35. Bxb5 Rxb6 36. a4 g6 37. Nd2 1-0

[Event "Campeonato de Aragon por Equipos 2024 -"]
[Site "?"]
[Date "2024.02.03"]
[Round "2.6"]
[White "Munoz Perez, Ivan"]
[Black "Hinojar Basa, Alfonso"]
[Result "1/2-1/2"]
[WhiteElo "2259"]
[BlackElo "2215"]
[PlyCount "48"]
[GameId "2166508115193988"]
[EventDate "2024.01.27"]
[WhiteTeam "El Olivar"]
[BlackTeam "Marcos Frechin A"]

1. e4 c5 2. Nc3 Nc6 3. g3 g6 4. Bg2 Bg7 5. f4 d6 6. Nf3 Nf6 7. d3 O-O 8. O-O Rb8 9. h3 b5 10. g4 b4 11. Ne2 Bb7 12. Ng3 a5 13. Be3 Nd7 14. Rb1 Nd4 15. Qd2 a4 16. c3 bxc3 17. bxc3 Nxf3+ 18. Bxf3 Qa5 19. c4 Qxd2 20. Bxd2 Bc6 21. Ne2 Rb2 22. Rxb2 Bxb2 23. Nc3 Rb8 24. Bd1 a3 1/2-1/2

[Event "Campeonato de Aragon por Equipos 2024 -"]
[Site "?"]
[Date "2024.02.03"]
[Round "2.7"]
[White "Miranda Herrera, Jorge Manuel"]
[Black "Miranda Herrera, Miguel"]
[Result "1-0"]
[WhiteElo "2091"]
[BlackElo "2104"]
[PlyCount "63"]
[GameId "2166508115230853"]
[EventDate "2024.01.27"]
[WhiteTeam "Marcos Frechin A"]
[BlackTeam "El Olivar"]

1. e4 c5 2. Nf3 Nc6 3. Bb5 g6 4. Bxc6 bxc6 5. O-O Bg7 6. c3 Nf6 7. Re1 O-O 8. d4 cxd4 9. cxd4 d5 10. e5 Ne4 11. Nc3 Nxc3 12. bxc3 Qa5 13. Bg5 Re8 14. Qc1 c5 15. Bh6 Bg4 16. Bxg7 Kxg7 17. Nh4 cxd4 18. cxd4 Rac8 19. Qf4 Bd7 20. Nf3 Rc2 21. h4 h6 22. h5 g5 23. Nxg5 hxg5 24. Qxg5+ Kh8 25. e6 Qd2 26. Qxd2 Rxd2 27. exd7 Rd8 28. Rxe7 Kg7 29. h6+ Kg6 30. Rc1 Rxd4 31. Rc8 Kf6 32. Rxd8 1-0

[Event "Campeonato de Aragon por Equipos 2024 -"]
[Site "?"]
[Date "2024.02.03"]
[Round "2.8"]
[White "Galstyan, David"]
[Black "Moya Gimeno, Raul"]
[Result "0-1"]
[WhiteElo "2052"]
[BlackElo "1928"]
[PlyCount "56"]
[GameId "2166508115263622"]
[EventDate "2024.01.27"]
[WhiteTeam "El Olivar"]
[BlackTeam "Marcos Frechin A"]

1. e4 c5 2. Nf3 Nc6 3. d4 cxd4 4. Nxd4 Nf6 5. Nc3 e5 6. Ndb5 d6 7. Nd5 Nxd5 8. exd5 Ne7 9. c4 Ng6 10. Qa4 Bd7 11. Qb4 Qb8 12. Be3 a6 13. Nc3 f5 14. h4 Be7 15. h5 Nh4 16. c5 f4 17. cxd6 fxe3 18. dxe7 exf2+ 19. Kd2 Nf5 20. h6 Qa7 21. hxg7 Qe3+ 22. Kc2 Rg8 23. Be2 Nd4+ 24. Kd1 Bg4 25. Qc4 b5 26. Bxg4 bxc4 27. Bh5+ Kxe7 28. d6+ Kxd6 0-1

[Event "Campeonato de Aragon por Equipos 2024 -"]
[Site "?"]
[Date "2024.02.03"]
[Round "2.9"]
[White "Villalba Embid, Marcos"]
[Black "Glavina, Pablo"]
[Result "1-0"]
[WhiteElo "2103"]
[BlackElo "2406"]
[PlyCount "115"]
[GameId "2166508115353735"]
[EventDate "2024.01.27"]
[WhiteTeam "Iberajedrez Mundo 64"]
[BlackTeam "MyInvestor Casablanca A"]

1. c4 g6 2. Nc3 Bg7 3. g3 d6 4. Bg2 e5 5. Nf3 f5 6. d3 Nf6 7. O-O O-O 8. Rb1 a5 9. a3 h6 10. b4 axb4 11. axb4 Be6 12. Bd2 Nbd7 13. Ra1 c6 14. b5 Kh7 15. Qb3 Nc5 16. Rxa8 Qxa8 17. Qb2 e4 18. Nd4 Bd7 19. Ra1 Qe8 20. bxc6 bxc6 21. Nb3 Ng4 22. Nxc5 dxc5 23. Ra7 Rf7 24. h3 e3 25. hxg4 exd2 26. Qxd2 Qb8 27. Rxd7 Rxd7 28. gxf5 gxf5 29. Bxc6 Ra7 30. Nb5 Ra6 31. Bf3 Be5 32. Kg2 Rg6 33. Qe3 Bd6 34. Nxd6 Qxd6 35. Qe8 Rg7 36. Bd5 Qe7 37. Qxe7 Rxe7 38. e4 Kg6 39. Kf3 Ra7 40. Kf4 fxe4 41. dxe4 Ra2 42. f3 Ra3 43. e5 Rc3 44. g4 Rc1 45. Be6 Re1 46. Bf5+ Kf7 47. Be4 Rd1 48. Kf5 Rd4 49. f4 Kf8 50. Bd5 Ke7 51. Bg8 Kf8 52. Be6 Ke8 53. g5 hxg5 54. fxg5 Rd1 55. Kf6 Rf1+ 56. Bf5 Kf8 57. g6 Ra1 58. g7+ 1-0

[Event "Campeonato de Aragon por Equipos 2024 -"]
[Site "?"]
[Date "2024.02.03"]
[Round "2.10"]
[White "Quintin Navarro, Alberto"]
[Black "Martinez Cebolla, Alberto"]
[Result "1-0"]
[WhiteElo "2371"]
[BlackElo "2048"]
[PlyCount "105"]
[GameId "2166508115402888"]
[EventDate "2024.01.27"]
[WhiteTeam "MyInvestor Casablanca A"]
[BlackTeam "Iberajedrez Mundo 64"]

1. e4 e5 2. Nf3 Nc6 3. Bb5 Nf6 4. d3 Bc5 5. Bxc6 dxc6 6. Nbd2 Bd6 7. Nc4 Qe7 8. Bd2 Nd7 9. O-O O-O 10. Rb1 Re8 11. Bc3 f6 12. Nh4 Nf8 13. Nf5 Bxf5 14. exf5 Bb4 15. Qe1 Bxc3 16. bxc3 b6 17. a4 a5 18. Qe3 c5 19. Qe4 Rad8 20. h4 Qf7 21. Ne3 Rd6 22. g4 Kh8 23. Kh2 h6 24. Rg1 Nh7 25. Rg3 Qe7 26. Kg2 Qd8 27. f3 Qa8 28. Qc4 Qc6 29. Rh1 Rb8 30. g5 b5 31. axb5 Qxb5 32. gxh6 gxh6 33. Qxb5 Rxb5 34. Kh3 Rd8 35. Rhg1 Rbb8 36. Ng4 Rg8 37. Ra1 h5 38. Ne3 Rxg3+ 39. Kxg3 Ra8 40. Ra4 Nf8 41. Nc4 Nd7 42. Rxa5 Rxa5 43. Nxa5 Kg7 44. Nc6 Kf7 45. Nd8+ Ke7 46. Ne6 Kd6 47. Ng7 Kd5 48. Nxh5 c4 49. Kf2 c5 50. Ng3 cxd3 51. cxd3 c4 52. dxc4+ Kxc4 53. Ne4 1-0

[Event "Campeonato de Aragon por Equipos 2024 -"]
[Site "?"]
[Date "2024.02.03"]
[Round "2.11"]
[White "Garcia Acin, Pablo"]
[Black "Adla, Diego"]
[Result "0-1"]
[WhiteElo "1976"]
[BlackElo "2383"]
[PlyCount "74"]
[GameId "2166508115443849"]
[EventDate "2024.01.27"]
[WhiteTeam "Iberajedrez Mundo 64"]
[BlackTeam "MyInvestor Casablanca A"]

1. e4 c5 2. Nc3 e6 3. g3 Nc6 4. Bg2 Nf6 5. Nf3 d6 6. O-O a6 7. Re1 Nd7 8. d4 cxd4 9. Nxd4 Be7 10. Be3 O-O 11. f4 Rb8 12. Kh1 Re8 13. Qf3 Qc7 14. g4 b5 15. a3 Nxd4 16. Bxd4 b4 17. axb4 Rxb4 18. Qf2 Bb7 19. Na2 Rc4 20. c3 Qb8 21. b3 Rcc8 22. c4 e5 23. Bb2 Nc5 24. Re3 exf4 25. Qxf4 Ne6 26. Qf5 Rc5 27. Qf2 Bg5 28. Rf3 Bxe4 29. Rxf7 Bxg2+ 30. Kxg2 Nf4+ 31. Rxf4 Bxf4 32. Bd4 Be5 33. Bxc5 Bxa1 34. Bb6 Qb7+ 35. Kg1 Qe4 36. Nc1 Qe1+ 37. Qf1 Re4 0-1

[Event "Campeonato de Aragon por Equipos 2024 -"]
[Site "?"]
[Date "2024.02.03"]
[Round "2.12"]
[White "Roldan Marques, Daniel"]
[Black "Moreno Burillo, Marcos Antonio"]
[Result "1-0"]
[WhiteElo "2157"]
[BlackElo "1814"]
[PlyCount "73"]
[GameId "2166508115476618"]
[EventDate "2024.01.27"]
[WhiteTeam "MyInvestor Casablanca A"]
[BlackTeam "Iberajedrez Mundo 64"]

1. d4 f5 2. c4 Nf6 3. Nf3 g6 4. g3 Bg7 5. Bg2 d6 6. b3 O-O 7. Bb2 e5 8. dxe5 Ng4 9. Qd5+ Kh8 10. h3 c6 11. Qd2 Nxe5 12. O-O Be6 13. Rd1 Na6 14. Ng5 Qe7 15. f4 Nf7 16. Bxg7+ Kxg7 17. Nxf7 Bxf7 18. Nc3 Rad8 19. e4 Nc7 20. exf5 gxf5 21. g4 Be6 22. g5 d5 23. Qd4+ Kg8 24. cxd5 Nxd5 25. Nxd5 Bxd5 26. Bxd5+ Rxd5 27. Qxa7 Rfd8 28. Rxd5 Rxd5 29. Qf2 Qd6 30. Re1 Rd2 31. Qe3 Rd1 32. Rxd1 Qxd1+ 33. Kf2 Qc2+ 34. Qe2 Qc5+ 35. Kg2 Kg7 36. Qe5+ Qxe5 37. fxe5 1-0

[Event "Campeonato de Aragon por Equipos 2024 -"]
[Site "?"]
[Date "2024.02.03"]
[Round "2.13"]
[White "Romero Pallares, Daniel"]
[Black "Cifuentes Parada, Roberto"]
[Result "0-1"]
[WhiteElo "2296"]
[BlackElo "2380"]
[PlyCount "58"]
[GameId "2166508115521675"]
[EventDate "2024.01.27"]
[WhiteTeam "Palacio De Pioneros"]
[BlackTeam "Jaque - Aramovil"]

1. e4 c5 2. Nf3 e6 3. d4 cxd4 4. Nxd4 Nc6 5. a3 Nf6 6. Nc3 d6 7. Be3 Be7 8. h3 O-O 9. g4 d5 10. Bg2 dxe4 11. Nxc6 bxc6 12. Qxd8 Rxd8 13. Nxe4 Ba6 14. Nc5 Bc4 15. Nb7 Rdc8 16. Bc5 Kf8 17. O-O-O Bd5 18. f3 Rab8 19. Bxe7+ Kxe7 20. Nc5 Rd8 21. b3 Rb5 22. Nd3 c5 23. c4 Rxb3 24. cxd5 Nxd5 25. Rhe1 Rc3+ 26. Kd2 Rxa3 27. Kc1 Nc3 28. Rd2 Na2+ 29. Rxa2 Rxa2 0-1

[Event "Campeonato de Aragon por Equipos 2024 -"]
[Site "?"]
[Date "2024.02.03"]
[Round "2.14"]
[White "Escartin Lacasa, Jose"]
[Black "Lacruz Algarate, Alvaro"]
[Result "1-0"]
[WhiteElo "2252"]
[BlackElo "2114"]
[PlyCount "57"]
[GameId "2166508115558540"]
[EventDate "2024.01.27"]
[WhiteTeam "Jaque - Aramovil"]
[BlackTeam "Palacio De Pioneros"]

1. d4 Nf6 2. Nf3 e6 3. g3 c5 4. Bg2 cxd4 5. O-O Be7 6. Nxd4 d5 7. c4 O-O 8. cxd5 Nxd5 9. Qb3 Nd7 10. Rd1 Nc5 11. Qc4 Qc7 12. e4 Nb6 13. Qe2 e5 14. Nf5 Bxf5 15. exf5 Rad8 16. Nc3 Rxd1+ 17. Qxd1 Rd8 18. Qg4 Kh8 19. Be3 Nd3 20. Qe2 Bc5 21. Nb5 Qb8 22. f6 Bxe3 23. Qxe3 g6 24. Rd1 Nxb2 25. Rxd8+ Qxd8 26. Qxe5 N2a4 27. Qe7 Qd1+ 28. Bf1 Qd7 29. Qf8# 1-0

[Event "Campeonato de Aragon por Equipos 2024 -"]
[Site "?"]
[Date "2024.02.03"]
[Round "2.15"]
[White "Climente Martinez, Jose Luis"]
[Black "Calvo Simon, Jorge"]
[Result "0-1"]
[WhiteElo "2037"]
[BlackElo "2195"]
[PlyCount "78"]
[GameId "2166508115599501"]
[EventDate "2024.01.27"]
[WhiteTeam "Palacio De Pioneros"]
[BlackTeam "Jaque - Aramovil"]

1. d4 Nf6 2. Nf3 g6 3. c4 c5 4. Nc3 cxd4 5. Nxd4 Nc6 6. e4 Bg7 7. Be3 O-O 8. Be2 d6 9. O-O a5 10. f3 Nxd4 11. Bxd4 Nd7 12. Bxg7 Kxg7 13. Qd4+ f6 14. Nd5 Nc5 15. b3 Bd7 16. Rad1 Bc6 17. f4 Bxd5 18. Qxd5 Qb6 19. Kh1 Rad8 20. Bf3 e6 21. Qd2 e5 22. g3 Ne6 23. Bg2 Nd4 24. Rb1 Qb4 25. Qb2 Rc8 26. a3 Qb6 27. Rfc1 Rf7 28. b4 Qa6 29. fxe5 fxe5 30. Rf1 Rcf8 31. b5 Qb6 32. Rxf7+ Rxf7 33. Rf1 Qc7 34. Qc3 Rxf1+ 35. Bxf1 Nxb5 36. Qf3 Nd4 37. Qg4 Qf7 38. Bg2 Nc2 39. Qd1 Qf2 0-1

[Event "Campeonato de Aragon por Equipos 2024 -"]
[Site "?"]
[Date "2024.02.03"]
[Round "2.16"]
[White "Ereza Vizcarra, Fernando"]
[Black "Dan, Teodor"]
[Result "1/2-1/2"]
[WhiteElo "2166"]
[BlackElo "1981"]
[PlyCount "148"]
[GameId "2166508115648654"]
[EventDate "2024.01.27"]
[WhiteTeam "Jaque - Aramovil"]
[BlackTeam "Palacio De Pioneros"]

1. d4 Nf6 2. Nf3 c5 3. d5 b5 4. Bg5 g6 5. d6 Bb7 6. Nc3 a6 7. Bxf6 exf6 8. Qd2 Bg7 9. Qe3+ Kf8 10. Qxc5 f5 11. a4 b4 12. Qxb4 Bxf3 13. exf3 Nc6 14. Qa3 Qe8+ 15. Kd1 Qe6 16. Bd3 Re8 17. Qc5 Bd4 18. Qc4 Qxd6 19. Re1 Rxe1+ 20. Kxe1 Qxh2 21. Bf1 Qe5+ 22. Kd2 Bxf2 23. Qe2 Qd4+ 24. Kc1 Kg7 25. Nd1 Bg3 26. c3 Qf4+ 27. Kc2 Rc8 28. Qe3 Qd6 29. Kb3 Qd5+ 30. c4 Na5+ 31. Kc2 Nxc4 32. Bxc4 Qxc4+ 33. Qc3+ Be5 34. Qxc4 Rxc4+ 35. Nc3 a5 36. Rd1 Bxc3 37. bxc3 Rxa4 38. Kb3 Rh4 39. Rxd7 a4+ 40. Kc2 Rh1 41. Kb2 Rg1 42. Rd2 Kf6 43. c4 Re1 44. Ka3 Re6 45. Kxa4 Ke7 46. Kb5 Rd6 47. Ra2 h5 48. c5 Rd1 49. Kb6 Rb1+ 50. Kc7 g5 51. c6 g4 52. Re2+ Kf6 53. Rc2 Ke7 54. Re2+ Kf8 55. Kc8 h4 56. c7 Rb3 57. fxg4 fxg4 58. Re4 h3 59. Rxg4 f5 60. Rg5 hxg2 61. Rxg2 Kf7 62. Rd2 Ke6 63. Rc2 Ke7 64. Re2+ Kf6 65. Kd7 Rd3+ 66. Ke8 Rc3 67. Kd8 Rd3+ 68. Kc8 f4 69. Re4 Kf5 70. Rc4 Rh3 71. Kd7 Rh8 72. Rc5+ Ke4 73. Rc4+ Ke3 74. Rc3+ Ke2 1/2-1/2

[Event "Campeonato de Aragon por Equipos 2024 -"]
[Site "?"]
[Date "2024.02.03"]
[Round "2.17"]
[White "Lopez Caudevilla, David"]
[Black "Garza Marco, Sergio"]
[Result "0-1"]
[WhiteElo "2180"]
[BlackElo "2376"]
[PlyCount "96"]
[GameId "2166508115681423"]
[EventDate "2024.01.27"]
[WhiteTeam "Actur Rey Fernando"]
[BlackTeam "Helios"]

1. e4 c5 2. Nc3 a6 3. g3 b5 4. Bg2 Bb7 5. d3 e6 6. f4 Nf6 7. Nf3 Be7 8. O-O d5 9. e5 Nfd7 10. Qe2 Qb6 11. Kh1 g6 12. Bd2 Nc6 13. Be1 b4 14. Nd1 a5 15. Ne3 Nd4 16. Qd2 Nxf3 17. Bxf3 Qb5 18. a4 Qa6 19. c4 bxc3 20. bxc3 O-O 21. d4 f6 22. Be2 Qa7 23. h4 Ba6 24. Rd1 Rab8 25. h5 cxd4 26. cxd4 fxe5 27. hxg6 Bb4 28. gxh7+ Kh8 29. Qa2 exf4 30. Bxa6 fxe3 31. Rxf8+ Rxf8 32. Qe2 Bxe1 33. Rxe1 Qxd4 34. Qxe3 Qxe3 35. Rxe3 Nc5 36. Bb5 Kxh7 37. Rc3 Rc8 38. Kg2 Kg6 39. Kf3 e5 40. Rc2 Kg5 41. Ke3 d4+ 42. Ke2 Rc7 43. Kf3 e4+ 44. Kf2 Kf5 45. Bd7+ Ke5 46. Kf1 d3 47. Rc4 Rxd7 48. Rxc5+ Rd5 0-1

[Event "Campeonato de Aragon por Equipos 2024 -"]
[Site "?"]
[Date "2024.02.03"]
[Round "2.18"]
[White "Eizaguerri Floris, Maria"]
[Black "Abos Rosico, Antonio"]
[Result "1-0"]
[WhiteElo "2127"]
[BlackElo "2071"]
[PlyCount "81"]
[GameId "2166508115779728"]
[EventDate "2024.01.27"]
[WhiteTeam "Helios"]
[BlackTeam "Actur Rey Fernando"]

1. e4 c6 2. d4 d5 3. e5 c5 4. dxc5 e6 5. a3 Bxc5 6. b4 Be7 7. Qg4 g6 8. Nf3 a5 9. b5 Nd7 10. Bd3 h5 11. Qf4 Nh6 12. h4 Qc7 13. O-O b6 14. Bb2 Bb7 15. Nbd2 Nf5 16. g3 O-O-O 17. Rfe1 Nc5 18. Nd4 Rdg8 19. N2f3 Ne4 20. c4 g5 21. hxg5 Nxg5 22. Bxf5 dxc4 23. Nxg5 Bxg5 24. Nxe6 fxe6 25. Bxe6+ Kb8 26. Qxc4 Qh7 27. Bxg8 Rxg8 28. e6 Be7 29. Be5+ Ka7 30. Qc7 Rc8 31. Qd7 Rd8 32. Qc7 Rc8 33. Qd7 Rd8 34. Bc7 Rf8 35. Rac1 Qf5 36. Bf4 Bc5 37. Rxc5 Qxc5 38. e7 Rxf4 39. gxf4 Qc3 40. Qxb7+ Kxb7 41. e8=Q 1-0

[Event "Campeonato de Aragon por Equipos 2024 -"]
[Site "?"]
[Date "2024.02.03"]
[Round "2.19"]
[White "Leon Dionis, Mateo"]
[Black "Cerrajeria Ruiz, Jesus Maria"]
[Result "0-1"]
[WhiteElo "1798"]
[BlackElo "2060"]
[PlyCount "80"]
[GameId "2166508115824785"]
[EventDate "2024.01.27"]
[WhiteTeam "Actur Rey Fernando"]
[BlackTeam "Helios"]

1. b4 d6 2. Bb2 Nd7 3. Nf3 Ngf6 4. e3 g6 5. Be2 Bg7 6. c4 O-O 7. O-O e5 8. d3 Ng4 9. h3 Nh6 10. Qb3 Kh8 11. Nc3 f5 12. Rfe1 g5 13. Nh2 a5 14. a3 g4 15. hxg4 Nxg4 16. Nxg4 fxg4 17. g3 Qf6 18. Ne4 Qf5 19. Qc2 Nf6 20. Nc3 axb4 21. axb4 Rxa1 22. Rxa1 Nd5 23. Ne4 Nxb4 24. Qd2 Na6 25. Bf1 Qe6 26. Bg2 Rd8 27. Nc3 c6 28. Na4 Qe8 29. Nb6 Bf5 30. e4 Be6 31. Rb1 Qe7 32. Ba3 Nc5 33. Bxc5 dxc5 34. Qe3 Bf8 35. Bf1 h5 36. Be2 Kh7 37. f4 Bh6 38. Kg2 h4 39. Qf2 hxg3 40. Qxg3 exf4 0-1

[Event "Campeonato de Aragon por Equipos 2024 -"]
[Site "?"]
[Date "2024.02.03"]
[Round "2.20"]
[White "Carraminana Lopez, Luis Antonio"]
[Black "Garcia Alvarez, Sergio"]
[Result "1-0"]
[WhiteElo "1865"]
[BlackElo "1796"]
[PlyCount "69"]
[GameId "2166508115865746"]
[EventDate "2024.01.27"]
[WhiteTeam "Helios"]
[BlackTeam "Actur Rey Fernando"]

1. e4 a6 2. d4 e6 3. Nf3 d6 4. Bc4 g6 5. Bg5 Qd7 6. h4 h6 7. Bf4 Bg7 8. c3 b6 9. Nbd2 Bb7 10. Qe2 Ne7 11. Nf1 Qc8 12. Bb3 Nd7 13. Ng3 b5 14. a4 bxa4 15. Bxa4 Bc6 16. O-O Bxa4 17. Rxa4 O-O 18. Rfa1 Nb8 19. Qd2 Kh7 20. h5 Ra7 21. Qd3 Rb7 22. b4 Rd8 23. e5 Nd5 24. Qd2 c5 25. bxc5 dxc5 26. hxg6+ fxg6 27. Ne4 Rf7 28. Bg3 Bf8 29. Nd6 Bxd6 30. exd6 Rg7 31. dxc5 Qxc5 32. Qxh6+ Kg8 33. Rh4 Kf7 34. Ng5+ Ke8 35. Qxg7 1-0

[Event "Campeonato de Aragon por Equipos 2024 -"]
[Site "?"]
[Date "2024.02.03"]
[Round "2.21"]
[White "Portero Garnica, Miguel Angel"]
[Black "Vela Frago, Alberto"]
[Result "0-1"]
[WhiteElo "2022"]
[BlackElo "2310"]
[PlyCount "128"]
[GameId "2166508115910803"]
[EventDate "2024.01.27"]
[WhiteTeam "Marcos Frechin B"]
[BlackTeam "MyInvestor Casablanca B"]

1. e4 e5 2. Nf3 Nc6 3. Bc4 Nf6 4. d3 Bc5 5. O-O O-O 6. c3 d6 7. h3 h6 8. Re1 a5 9. Nbd2 Be6 10. a4 Bxc4 11. Nxc4 Re8 12. Be3 Bxe3 13. Nxe3 Qd7 14. Qb3 Rad8 15. Nd5 Nxd5 16. Qxd5 b6 17. d4 Ne7 18. Qc4 Qc6 19. Qxc6 Nxc6 20. Rad1 g6 21. dxe5 Nxe5 22. Nxe5 Rxe5 23. Rd5 Re6 24. Rd3 f5 25. Rde3 f4 26. R3e2 Re5 27. c4 Kf7 28. f3 c6 29. Rd1 Ke7 30. Red2 Re6 31. Kf2 Kf6 32. g3 Ke5 33. gxf4+ Kxf4 34. h4 Ke5 35. Rg1 Rf8 36. Ke3 Rf4 37. Rh2 Ref6 38. Rh3 d5 39. cxd5 cxd5 40. exd5 Rxa4 41. Rhg3 Rb4 42. Rxg6 Rb3+ 43. Kd2 Rxb2+ 44. Kc3 Rb5 45. Rxf6 Rc5+ 46. Kb3 Kxf6 47. h5 Rxd5 48. Rg6+ Kf7 49. Rxb6 Rxh5 50. Rb7+ Kg6 51. Rb6+ Kg5 52. Ka4 Kf4 53. Rf6+ Kg3 54. f4 Kg4 55. f5 Kf4 56. Rf8 Rxf5 57. Rg8 h5 58. Rc8 h4 59. Rc4+ Kg5 60. Rc3 Kg4 61. Rd3 h3 62. Rd2 Kg3 63. Rd7 h2 64. Rh7 Rf4+ 0-1